История России (Запись № 10403801)

Подробности
000 -МАРКЕР
контрольное поле 01746nam0a2200373 i 4500
001 - ИДЕНТИФИКАТОР ЗАПИСИ
контрольное поле RU\NLR\BIBL_A\010857387
005 - ИДЕНТИФИКАТОР ВЕРСИИ
контрольное поле 20260406083239.0
010 ## - МЕЖДУНАРОДНЫЙ СТАНДАРТНЫЙ НОМЕР КНИГИ (ISBN)
Номер (ISBN) 9785358152700
Тираж 5000
021 ## - НОМЕР ГОСУДАРСТВЕННОЙ РЕГИСТРАЦИИ
Код страны Российская Федерация
Номер 2015-66518
Номер Листа государственной регистраци 3980
035 ## - ДРУГИЕ СИСТЕМНЫЕ НОМЕРА
Идентификатор записи (NILC)RuMoRGB-008008378
035 ## - ДРУГИЕ СИСТЕМНЫЕ НОМЕРА
Идентификатор записи (NLR Aleph) 010857387
100 ## - ДАННЫЕ ОБЩЕЙ ОБРАБОТКИ
Данные общей обработки 20151007d2016 e y0rusy50 ca
101 0# - ЯЗЫК РЕСУРСА
Язык текста, звукозаписи и т.д. русский
102 ## - СТРАНА ПУБЛИКАЦИИ ИЛИ ПРОИЗВОДСТВА
Страна публикации Российская Федерация
105 ## - ПОЛЕ КОДИРОВАННЫХ ДАННЫХ: ТЕКСТОВЫЕ МАТЕРИАЛЫ, МОНОГРАФИЧЕСКИЕ
Кодированные данные о монографическом текстовом документе abchj 000yy
200 1# - ЗАГЛАВИЕ И СВЕДЕНИЯ ОБ ОТВЕТСТВЕННОСТИ
Основное заглавие История России
Сведения, относящиеся к заглавию начало XX - начало XXI века
-- учебник
-- 10 [класс]
Первые сведения об ответственности О. В. Волобуев, С. П. Карпачев, П. Н. Романов
210 ## - ПУБЛИКАЦИЯ, РАСПРОСТРАНЕНИЕ И ДР.
Место издания, распространения и т.д. Москва
Имя издателя, распространителя и т. д. Дрофа
Дата издания, распространения и т.д. 2016
-- [т. е. 2015]
215 ## - ФИЗИЧЕСКАЯ ХАРАКТЕРИСТИКА
Специфическое обозначение материала и объем 367 с.
Другие сведения о физической характеристике ил., цв. ил., факс., портр., карты
Размеры 24
225 1# - СЕРИЯ
Основное заглавие серии Историко-культурный стандарт
225 1# - СЕРИЯ
Основное заглавие серии Вертикаль
300 ## - ОБЩИЕ ПРИМЕЧАНИЯ
Текст примечания Фактическая дата выхода в свет - 2015
320 ## - ПРИМЕЧАНИЯ О НАЛИЧИИ В ДОКУМЕНТЕ БИБЛИОГРАФИИ / УКАЗАТЕЛЯ
Текст примечания Библиогр.: с. 359-362
320 ## - ПРИМЕЧАНИЯ О НАЛИЧИИ В ДОКУМЕНТЕ БИБЛИОГРАФИИ / УКАЗАТЕЛЯ
Текст примечания Интернет-ресурсы: с. 363-365
607 ## - ГЕОГРАФИЧЕСКОЕ НАИМЕНОВАНИЕ КАК ПРЕДМЕТ
Географическое наименование Россия
Формальный подзаголовок Учебники для средней школы
Тематический подзаголовок История
Хронологический подзаголовок 20 - нач. 21 вв.
Системный номер авторитетной/нормативной записи 2388556
Идентификатор авторитетной/нормативной записи RU\NLR\AUTH\661424610
686 1# - ИНДЕКСЫ ДРУГИХ КЛАССИФИКАЦИЙ
Индекс Т3(2)7я72
700 #1 - ИМЯ ЛИЦА - ПЕРВИЧНАЯ ОТВЕТСТВЕННОСТЬ
Графика поля Кириллица
Материалы, к которым относится поле rus
Начальный элемент ввода Волобуев
Часть имени, кроме начального элемента ввода О. В.
Даты 1931-
Расширение инициалов личного имени Олег Владимирович
Системный номер авторитетной/нормативной записи 32448
Идентификатор авторитетной/нормативной записи RU\NLR\AUTH\7749513
701 #1 - ИМЯ ЛИЦА - АЛЬТЕРНАТИВНАЯ ОТВЕТСТВЕННОСТЬ
Графика поля Кириллица
Материалы, к которым относится поле rus
Начальный элемент ввода Карпачев
Часть имени, кроме начального элемента ввода С. П.
Дополнения к именам, кроме дат д-р ист. наук
Даты 1950-
Расширение инициалов личного имени Сергей Павлович
Системный номер авторитетной/нормативной записи 88482
Идентификатор авторитетной/нормативной записи RU\NLR\AUTH\77105557
701 #1 - ИМЯ ЛИЦА - АЛЬТЕРНАТИВНАЯ ОТВЕТСТВЕННОСТЬ
Начальный элемент ввода Романов
Часть имени, кроме начального элемента ввода П. Н.
Дополнения к именам, кроме дат историк
Расширение инициалов личного имени Пëтр Николаевич
Системный номер авторитетной/нормативной записи 152784
Идентификатор авторитетной/нормативной записи RU\NLR\AUTH\770152822
801 #0 - ИСТОЧНИК ЗАПИСИ
Страна Российская Федерация
Организация РГБ
Дата составления 20150828
Правила каталогизации RCR
942 ## - ДОПОЛНИТЕЛЬНЫЕ ЭЛЕМЕНТЫ ЗАПИСИ (АБИС)
Тип экземпляра АБИС Книга
980 ## - КОЛЛЕКЦИЯ
Название коллекции НБР

Нет доступных экземпляров.